| 000 | 00665nam a22002057a 4500 | ||
|---|---|---|---|
| 999 |
_c14985 _d14985 |
||
| 003 | AR-CdUCM | ||
| 008 | 190425b ||||| |||| 00| 0 spa d | ||
| 020 | _a978-987-705-889-5 | ||
| 040 |
_aMUNICIPALIDAD PROVINCIAL DEL CUSCO _cBIBLIOTECA MUNICIPAL DEL CUSCO |
||
| 082 |
_aPI / 376.1 / _bD66 |
||
| 110 |
_aDisney Enterprises Inc. _932740 |
||
| 245 |
_aDisney princesa Sofia : _bPijama real / |
||
| 260 |
_aBuenos Aires : _bEdit. Guadal S.A, _c2016. |
||
| 300 |
_bIlustraciones, _c19 cm. _eRompecabezas. |
||
| 440 |
_aEl gato de hojalata _933960 |
||
| 650 |
_aTexto infantil _929090 |
||
| 650 |
_aCuento _94671 |
||
| 942 |
_2ddc _cLIBROS |
||
| 945 |
_arjall _d2019-04-25 |
||